[Event "Dundee & Angus Minor"]
[Site "Dundee"]
[Date "2016.10.07"]
[Round "1"]
[White "McCulloch, Andy"]
[Black "Walker, Gordon J"]
[Result "1/2-1/2"]
[WhiteElo "1099"]
[BlackElo "1188"]
[PlyCount "56"]
[EventDate "2016.10.07"]
[EventType "swiss"]
[EventRounds "5"]
[EventCountry "SCO"]
[SourceTitle "EXT 2023"]
[Source "ChessBase"]
[SourceDate "2022.10.05"]
[SourceVersion "1"]
[SourceVersionDate "2022.10.05"]
[SourceQuality "1"]

1. d4 Nf6 2. Nf3 e6 3. c4 Bb4+ 4. Nc3 0-0 5. a3 Bxc3+ 6. bxc3 b6 7. Bg5 Bb7 8. e3 d6 9. Be2 Nbd7 10. 0-0 c5 11. Re1 Qc7 12. Qc2 Be4 13. Qd2 h6 14. Bh4 a5 15. a4 Rfe8 16. Bg3 Nh5 17. Bh4 f5 18. Qd1 Ndf6 19. Nd2 Qf7 20. Nxe4 fxe4 21. Rf1 g5 22. Bg3 Nxg3 23. fxg3 Qe7 24. Qc2 d5 25. Rf2 h5 26. Raf1 Ng4 27. Bxg4 hxg4 28. Rf6 Qg7 1/2-1/2

[Event "Dundee & Angus Minor"]
[Site "Dundee"]
[Date "2015.10.11"]
[Round "4"]
[White "Ridge, Benjamin"]
[Black "McCulloch, Andy"]
[Result "1-0"]
[WhiteElo "794"]
[BlackElo "1122"]
[PlyCount "51"]
[EventDate "2015.10.09"]
[EventType "swiss"]
[EventRounds "5"]
[EventCountry "SCO"]
[SourceTitle "EXT 2023"]
[Source "ChessBase"]
[SourceDate "2022.10.05"]
[SourceVersion "1"]
[SourceVersionDate "2022.10.05"]
[SourceQuality "1"]

1. Nc3 e5 2. Nf3 Nc6 3. d4 exd4 4. Nxd4 Nf6 5. Bg5 Be7 6. e4 0-0 7. h4 d6 8. Bxf6 Bxf6 9. Nf5 Ne7 10. g4 Nxf5 11. gxf5 Bxh4 12. Qh5 Qg5 13. Rxh4 Qxh5 14. Rxh5 g6 15. Rg5 Re8 16. 0-0-0 Rd8 17. Bc4 Kg7 18. Nb5 Rd7 19. f4 a6 20. Nc3 b5 21. Bd5 Rb8 22. Bc6 Rd8 23. Nd5 Bd7 24. Bxd7 Rxd7 25. f6+ Kf8 26. Rh1 1-0

[Event "Dundee & Angus Minor"]
[Site "Dundee"]
[Date "2015.10.10"]
[Round "3"]
[White "McCulloch, Andy"]
[Black "Hartman, James"]
[Result "1/2-1/2"]
[WhiteElo "1125"]
[BlackElo "1003"]
[PlyCount "79"]
[EventDate "2015.10.09"]
[EventType "swiss"]
[EventRounds "5"]
[EventCountry "SCO"]
[SourceTitle "EXT 2023"]
[Source "ChessBase"]
[SourceDate "2022.10.05"]
[SourceVersion "1"]
[SourceVersionDate "2022.10.05"]
[SourceQuality "1"]

1. d4 d5 2. c4 e6 3. Nc3 Nf6 4. Bg5 Bb4 5. e3 Nc6 6. Nf3 b6 7. Bd3 dxc4 8. Bxc4 0-0 9. 0-0 Bb7 10. Qc2 Ne7 11. Bxf6 gxf6 12. a3 Bd6 13. Be2 Kh8 14. Rad1 Rg8 15. g3 Qf8 16. Ne4 Bxe4 17. Qxe4 f5 18. Qd3 Qh6 19. Ne5 Bxe5 20. dxe5 Qh3 21. Bf3 Rad8 22. Qb3 Rxd1 23. Qxd1 Rg6 24. Bg2 Qg4 25. Qd8+ Ng8 26. Qd1 Qg5 27. f4 Qe7 28. Kf2 Nh6 29. h3 f6 30. Re1 fxe5 31. fxe5 Qg5 32. Qf3 Nf7 33. Qf4 Kg7 34. Rd1 Qe7 35. Bf3 Ng5 36. Bg2 Rh6 37. Rh1 Kg6 38. Ke2 Qc5 39. Qd4 Qb5+ 40. Kf2 1/2-1/2

[Event "Dundee & Angus op Minor"]
[Site "Dundee"]
[Date "2014.10.12"]
[Round "4"]
[White "McCulloch, Andy"]
[Black "Coope, Derek William"]
[Result "1/2-1/2"]
[WhiteElo "1139"]
[BlackElo "1302"]
[PlyCount "100"]
[EventDate "2014.10.10"]
[EventType "swiss"]
[EventRounds "5"]
[EventCountry "SCO"]
[SourceTitle "EXT 2017"]
[Source "ChessBase"]
[SourceDate "2016.10.25"]
[SourceVersion "1"]
[SourceVersionDate "2016.10.25"]
[SourceQuality "1"]

1. d4 d6 2. Nf3 Nf6 3. e3 g6 4. g3 Bg7 5. Bg2 0-0 6. 0-0 Nbd7 7. Nbd2 Rb8 8. Rb1 b5 9. a3 Bb7 10. c3 c5 11. Re1 cxd4 12. cxd4 a6 13. b4 Qc7 14. Bb2 Rfc8 15. Qe2 Nd5 16. Rec1 Qb6 17. Rxc8+ Rxc8 18. Qe1 Qa7 19. Nb3 N7b6 20. Rc1 Nc4 21. Qe2 Qa8 22. Rb1 Nxb2 23. Rxb2 Nb6 24. Rb1 Nc4 25. Ne1 Bxg2 26. Nxg2 Nxa3 27. Ra1 Nc2 28. Rb1 Nxb4 29. Rc1 Rxc1+ 30. Nxc1 Qc6 31. Qe1 Qc4 32. Nf4 e5 33. dxe5 dxe5 34. Nh3 Nd3 35. Nxd3 Qxd3 36. Qa5 Qd6 37. Ng5 h6 38. Ne4 Qd1+ 39. Kg2 Qd5 40. f3 f5 41. Nd2 Qd6 42. Kf2 Bf6 43. Ke2 Kg7 44. Ke1 Bd8 45. Qc3 Bb6 46. Nf1 Qc5 47. Qd2 Qc7 48. Kf2 f4 49. gxf4 exf4 50. Kg2 fxe3 1/2-1/2

[Event "Dundee & Angus op Minor"]
[Site "Dundee"]
[Date "2014.10.10"]
[Round "1"]
[White "McCulloch, Andy"]
[Black "McMillan, Andrew"]
[Result "1/2-1/2"]
[WhiteElo "1139"]
[BlackElo "794"]
[PlyCount "157"]
[EventDate "2014.10.10"]
[EventType "swiss"]
[EventRounds "5"]
[EventCountry "SCO"]
[SourceTitle "EXT 2017"]
[Source "ChessBase"]
[SourceDate "2016.10.25"]
[SourceVersion "1"]
[SourceVersionDate "2016.10.25"]
[SourceQuality "1"]

1. d4 d5 2. e3 Bf5 3. Nf3 e6 4. Be2 Bd6 5. 0-0 Nf6 6. c4 c6 7. Nc3 0-0 8. Bd3 Bg4 9. Be2 Ne4 10. Nd2 Nxc3 11. bxc3 Bxe2 12. Qxe2 Qh4 13. Nf3 Qf6 14. cxd5 cxd5 15. Qb5 Qe7 16. Rb1 b6 17. Qe2 Nd7 18. Bd2 Rac8 19. Rfe1 Nf6 20. Rec1 Ne4 21. Be1 Ba3 22. Rc2 Bd6 23. Rbc1 Rfd8 24. Ne5 Qf6 25. Nf3 Qh6 26. c4 Ng5 27. g3 Nxf3+ 28. Qxf3 Ba3 29. Rb1 dxc4 30. Rc3 Qg6 31. Qd1 Bc5 32. Qc2 Qxc2 33. Rxc2 Be7 34. Rbc1 b5 35. Rb1 Rb8 36. Bb4 Bxb4 37. Rxb4 a6 38. Kf1 Rdc8 39. Ke2 a5 40. Rb1 b4 41. Rbc1 c3 42. Kd3 b3 43. axb3 Rxb3 44. Rxc3 Rbxc3+ 45. Rxc3 Ra8 46. Ra3 Kf8 47. Ra2 Ke7 48. Kc4 Kd6 49. Kb5 Rb8+ 50. Ka4 Kd5 51. Rc2 Ra8 52. f3 Rb8 53. Rc5+ Kd6 54. Rxa5 Rb2 55. Rh5 h6 56. f4 Re2 57. f5 Rxe3 58. fxe6 Rxe6 59. Rh4 g5 60. Rh3 Kd5 61. g4 Kxd4 62. Rb3 Ra6+ 63. Kb5 Ra2 64. h3 Rc2 65. Rf3 Rh2 66. Kc6 Ke4 67. Ra3 f6 68. Kd6 f5 69. Ra4+ Kf3 70. Ra3+ Kf4 71. Ra4+ Kg3 72. Ra3+ Kh4 73. gxf5 Kh5 74. Ke6 Re2+ 75. Kf6 Rc2 76. Ra4 Rc6+ 77. Ke5 Rc5+ 78. Kf6 Rb5 79. Ke6 1/2-1/2

[Event "Commonwealth-ch"]
[Site "Glasgow"]
[Date "2014.07.07"]
[Round "8"]
[White "February, Jesse Nikki"]
[Black "McCulloch, Andy"]
[Result "1-0"]
[WhiteElo "1733"]
[BlackElo "1104"]
[PlyCount "65"]
[EventDate "2014.06.30"]
[EventType "swiss"]
[EventRounds "9"]
[EventCountry "SCO"]
[SourceTitle "CBM 161 Extra"]
[Source "ChessBase"]
[SourceDate "2014.08.29"]
[SourceVersion "1"]
[SourceVersionDate "2014.08.29"]
[SourceQuality "1"]

1. d4 d5 2. Nf3 Nf6 3. e3 g6 4. c4 c6 5. Nbd2 Bg7 6. Be2 0-0 7. b3 Bg4 8. Bb2 Nbd7 9. 0-0 Qc7 10. Rc1 Qb8 11. Ne5 Bxe2 12. Qxe2 e6 13. f4 Qd8 14. e4 Nxe4 15. Nxe4 dxe4 16. Qxe4 Nf6 17. Qe3 Re8 18. Rf3 Rc8 19. g4 h6 20. Rh3 Nd7 21. Rf1 Nxe5 22. fxe5 Rc7 23. Rff3 b6 24. Rxh6 Rf8 25. Rhh3 c5 26. g5 Rd7 27. Rh4 Qa8 28. Rfh3 Rfd8 29. Ba1 Qb7 30. Rh7 cxd4 31. Rxg7+ Kxg7 32. Qf2 Rh8 33. Qf6+ 1-0

[Event "Commonwealth-ch"]
[Site "Glasgow"]
[Date "2014.07.02"]
[Round "3"]
[White "Guha, Chirag"]
[Black "McCulloch, Andy"]
[Result "1-0"]
[WhiteElo "1570"]
[BlackElo "1104"]
[PlyCount "67"]
[EventDate "2014.06.30"]
[EventType "swiss"]
[EventRounds "9"]
[EventCountry "SCO"]
[SourceTitle "CBM 161 Extra"]
[Source "ChessBase"]
[SourceDate "2014.08.29"]
[SourceVersion "1"]
[SourceVersionDate "2014.08.29"]
[SourceQuality "1"]

1. e4 e6 2. d4 d5 3. e5 c5 4. c3 Nc6 5. Nf3 Bd7 6. a3 cxd4 7. cxd4 f6 8. exf6 Nxf6 9. Nc3 Be7 10. Be2 0-0 11. 0-0 a6 12. Be3 Be8 13. Ng5 Bf7 14. Nxf7 Rxf7 15. f4 Ne4 16. Nxe4 dxe4 17. Bc4 Kh8 18. Bxe6 Rf8 19. d5 Na7 20. Bxa7 Rxa7 21. Rc1 Ra8 22. Kh1 Bd6 23. Qd2 Qh4 24. g3 Qe7 25. Qd4 Qf6 26. Qxf6 Rxf6 27. Rfe1 g5 28. fxg5 Rf2 29. Rb1 Raf8 30. Rxe4 R8f3 31. Rc4 Kg7 32. Kg1 Rd2 33. Rc8 Rff2 34. Rg8# 1-0